000 00420nam a2200157Ia 4500
008 240729s9999 xx 000 0 und d
022 _a1740-4398
245 0 _aDrugs in Context
260 _aUnited Kingdom
260 _bBioExcel Publishing Ltd
650 _a Therapeutics. Pharmacology
650 _aMedicine
856 _uhttps://doaj.org/toc/69707ee3ec0b4e0988b5e1d5fd2e2583
942 _2ddc
942 _cDOAJEJ
999 _c65871
_d65871
945 _a1
_bMadushi Gamage
_c1
_dMadushi Gamage